Schaum's outlines :Vector analysis:480 fully solved problems (Record no. 63867)
[ view plain ]
| 000 -LEADER | |
|---|---|
| fixed length control field | 01585cam a22003374a 4500 |
| 001 - CONTROL NUMBER | |
| control field | 15637683 |
| 003 - CONTROL NUMBER IDENTIFIER | |
| control field | NUST-PNEC |
| 005 - DATE AND TIME OF LATEST TRANSACTION | |
| control field | 20170116180826.0 |
| 008 - FIXED-LENGTH DATA ELEMENTS--GENERAL INFORMATION | |
| fixed length control field | 090225s2009 nyua 001 0 eng |
| 010 ## - LIBRARY OF CONGRESS CONTROL NUMBER | |
| LC control number | 2009007907 |
| 020 ## - INTERNATIONAL STANDARD BOOK NUMBER | |
| International Standard Book Number | 0070990093 |
| 020 ## - INTERNATIONAL STANDARD BOOK NUMBER | |
| International Standard Book Number | 007060228X |
| 035 ## - SYSTEM CONTROL NUMBER | |
| System control number | (OCoLC)ocn244060715 |
| 040 ## - CATALOGING SOURCE | |
| Original cataloging agency | DLC |
| Transcribing agency | LIBRARY |
| 050 00 - LIBRARY OF CONGRESS CALL NUMBER | |
| Classification number | QA331.7 |
| Item number | .S33 2009 |
| 082 00 - DEWEY DECIMAL CLASSIFICATION NUMBER | |
| Classification number | 515.63 SPI |
| 100 ## - MAIN ENTRY--PERSONAL NAME | |
| 9 (RLIN) | 166 |
| Personal name | Spiegel, Murray R. |
| 245 00 - TITLE STATEMENT | |
| Title | Schaum's outlines :Vector analysis:480 fully solved problems |
| Statement of responsibility, etc. | Murray R. Spiegel ... [et al.]. |
| 246 30 - VARYING FORM OF TITLE | |
| Title proper/short title | Complex variables |
| 260 ## - PUBLICATION, DISTRIBUTION, ETC. | |
| Place of publication, distribution, etc. | Singapore: |
| Name of publisher, distributor, etc. | McGraw-Hill (India)Pvt.Ltd. |
| Date of publication, distribution, etc. | c1981. |
| 300 ## - PHYSICAL DESCRIPTION | |
| Extent | ix, 225 p. : |
| Other physical details | ill. ; |
| Dimensions | 28 cm. |
| 490 1# - SERIES STATEMENT | |
| Series statement | Schaum's outline series |
| 505 0# - FORMATTED CONTENTS NOTE | |
| Formatted contents note | Complex numbers -- Functions, limits, and continuity -- Complex differentiation and the Cauchy-Riemann equations -- Complex integration and Cauchy's theorem -- Cauchy's integral formulas and related theorems -- Infinite series Taylor's and Laurent's series -- The residue theorem evaluation of integrals and series -- Conformal mapping -- Physical applications of conformal mapping -- Special topics. |
| 650 #0 - SUBJECT ADDED ENTRY--TOPICAL TERM | |
| Topical term or geographic name entry element | Functions of complex variables. |
| General subdivision | ME |
| 650 #0 - SUBJECT ADDED ENTRY--TOPICAL TERM | |
| Topical term or geographic name entry element | Functions of several complex variables. |
| 700 1# - ADDED ENTRY--PERSONAL NAME | |
| Personal name | Spiegel, Murray R. |
| 830 #0 - SERIES ADDED ENTRY--UNIFORM TITLE | |
| Uniform title | Schaum's outline series. |
| 906 ## - LOCAL DATA ELEMENT F, LDF (RLIN) | |
| a | 7 |
| b | cbc |
| c | orignew |
| d | 1 |
| e | ecip |
| f | 20 |
| g | y-gencatlg |
| 942 ## - ADDED ENTRY ELEMENTS (KOHA) | |
| Source of classification or shelving scheme | |
| Koha item type | Book |
| Withdrawn status | Lost status | Source of classification or shelving scheme | Damaged status | Not for loan | Permanent Location | Current Location | Shelving location | Date acquired | Source of acquisition | Cost, normal purchase price | Total Checkouts | Full call number | Barcode | Date last seen | Date last checked out | Cost, replacement price | Price effective from | Koha item type |
|---|---|---|---|---|---|---|---|---|---|---|---|---|---|---|---|---|---|---|
| Pakistan Navy Engineering College (PNEC) | Pakistan Navy Engineering College (PNEC) | 07/27/1985 | Soni Book Store/Library/Reference Grant | 4513.00 | 8 | 515.63 SPI | PNECLIB-006599 | 10/24/2016 | 10/24/2016 | 4513.00 | 07/27/1985 | Book | ||||||
| Pakistan Navy Engineering College (PNEC) | Pakistan Navy Engineering College (PNEC) | 11/28/1987 | Abrar Sons/Library/Reference Grant | 45.44 | 10 | 515.63 SPI | PNECLIB-011020 | 12/07/2016 | 12/07/2016 | 45.44 | 11/28/1987 | Book | ||||||
| Pakistan Navy Engineering College (PNEC) | Pakistan Navy Engineering College (PNEC) | 02/28/1988 | Royal Book/Library/Reference Grant | 61.40 | 8 | 515.63 SPI | PNECLIB-011346 | 08/16/2016 | 08/16/2016 | 61.40 | 02/28/1988 | Book | ||||||
| Pakistan Navy Engineering College (PNEC) | Pakistan Navy Engineering College (PNEC) | 11/28/1987 | Abrar & Sons / Library / Reference Grant | 45.44 | 2 | 515.63 SPI | PNECLIB-011036 | 10/17/2016 | 08/29/2016 | 45.44 | 11/28/1987 | Book | ||||||
| Pakistan Navy Engineering College (PNEC) | Pakistan Navy Engineering College (PNEC) | 11/28/1987 | Abrar & Sons / Library / Reference Grant | 45.44 | 2 | 515.63 SPI | PNECLIB-011026 | 03/03/2016 | 02/08/2016 | 45.44 | 11/28/1987 | Book | ||||||
| Pakistan Navy Engineering College (PNEC) | Pakistan Navy Engineering College (PNEC) | 02/28/1988 | Royal Book Company / Library / Reference Grant | 61.14 | 6 | 515.63 SPI | PNECLIB-011352 | 08/29/2016 | 08/04/2016 | 61.14 | 02/28/1988 | Book | ||||||
| Pakistan Navy Engineering College (PNEC) | Pakistan Navy Engineering College (PNEC) | Library / Reference Grant | 180.00 | 1 | 515.63 SPI | PNECLIB-006057 | 02/01/2016 | 01/18/2016 | 180.00 | Book | ||||||||
| Pakistan Navy Engineering College (PNEC) | Pakistan Navy Engineering College (PNEC) | Library / Reference Grant | 0.00 | 3 | 515.63 SPI | PNECLIB-006055 | 05/26/2016 | 05/26/2016 | 0.00 | Book | ||||||||
| Pakistan Navy Engineering College (PNEC) | Pakistan Navy Engineering College (PNEC) | 01/17/1996 | Library /reference Grant | 150.00 | 5 | 515.63 SPI | PNECLIB-004929 | 05/25/2016 | 05/19/2016 | 150.00 | 01/17/1996 | Book | ||||||
| Pakistan Navy Engineering College (PNEC) | Pakistan Navy Engineering College (PNEC) | 07/22/2015 | Library /reference Grant | 180.00 | 3 | 515.63 SPI | PNECLIB-006061 | 08/12/2016 | 06/24/2016 | 180.00 | 07/22/2015 | Book | ||||||
| Pakistan Navy Engineering College (PNEC) | Pakistan Navy Engineering College (PNEC) | 07/22/2015 | Library /reference Grant | 515.63 SPI | PNECLIB-011353 | 07/22/2015 | 07/22/2015 | Book | ||||||||||
| Pakistan Navy Engineering College (PNEC) | Pakistan Navy Engineering College (PNEC) | 02/22/1998 | Royal Books/Library/Reference Grant | 61.14 | 4 | 515.63 SPI | PNECLIB-011349 | 06/02/2016 | 05/20/2016 | 61.14 | 02/22/1998 | Book | ||||||
| Pakistan Navy Engineering College (PNEC) | Pakistan Navy Engineering College (PNEC) | 07/28/2015 | 2 | 515.63 SPI | PNECLIB-004928 | 01/26/2016 | 01/21/2016 | 07/28/2015 | Book | |||||||||
| Pakistan Navy Engineering College (PNEC) | Pakistan Navy Engineering College (PNEC) | 1 | 515.63 SPI | PNECLIB-006058 | 01/20/2016 | 01/15/2016 | Book | |||||||||||
| Pakistan Navy Engineering College (PNEC) | Pakistan Navy Engineering College (PNEC) | 12/01/2015 | 3 | 515.63 SPI | PNECLIB-011037 | 05/19/2016 | 05/19/2016 | Book | ||||||||||
| Pakistan Navy Engineering College (PNEC) | Pakistan Navy Engineering College (PNEC) | 6 | 515.63 SPI | PNECLIB-011033 | 06/02/2016 | 05/05/2016 | Book |
